00813 2200289 4500001002100000005001500021035002500036020002200061040001200083041000800095082001500103084001700118090002100135090002200156100001800178245009600196250001100292260004400303300003700347500001100384504003000395650002000425850001200445999002200457990002200479990002200501INLIS00000000003473620191031084948 a0010-031800000000679 a978-602-6268-07-5 aYOPDYOG0 aind04223a297.27 a297.27 Hil M aDEP 297.27 Hil M aCB-D.11 2017-16800 aHILMAN LATIEF0 aMelayani umat :bfilantropi Islam dan ideologi kesejahteraan kaum modernis /cHilman Latief aCet. 1 aYogyakarta :bSuara Muhammadiyah,c2017 axxxv, 328 hlm. :bilus. ;c23 cm aIndeks aBibliografi: hlm. 305-319 4aSosiologi Islam aYOPDYOG aCB-D.11/2017-1680 aCB-D.11/2017-1680 aCB-D.11/2017-1680